01796nam a2200445Ia 4500001001200000003000800012006001900020007001500039008004100054010001700095020001500112020001500127020001800142020001800160040002100178035002100199050002200220082001900242100002600261245010200287260005500389300002200444490005600466504005100522533015200573650006300725650006200788650005700850650003100907650003300938650002900971651003601000651003601036651003201072655002901104710001701133830005701150856012601207999001701333ebr10558913CaPaEBRm u cr cn|||||||||081203s2009 alua sb s001 0 eng d z 2008051153 z0817316612 z0817382399 z9780817316617 z9780817382391 aCaPaEBRcCaPaEBR a(OCoLC)79782405914aPS151b.G8 2009eb04a810.9/92872221 aGriffith, Jean Carol.14aThe color of democracy in women's regional writingh[electronic resource] /cJean Carol Griffith. aTuscaloosa :bUniversity of Alabama Press,cc2009. ax, 217 p. :bill.1 aStudies in American literary realism and naturalism aIncludes bibliographical references and index. aElectronic reproduction.bPalo Alto, Calif. :cebrary,d2013.nAvailable via World Wide Web.nAccess may be limited to ebrary affiliated libraries. 0aAmerican literaturexWomen authorsxHistory and criticism. 0aAmerican literaturey20th centuryxHistory and criticism. 0aWomen authors, AmericanxPolitical and social views. 0aRegionalism in literature. 0aLocal history in literature. 0aDemocracy in literature. 0aNew York (N.Y.)xIn literature. 0aSouthern StatesxIn literature. 0aWest (U.S.)xIn literature. 7aElectronic books.2local2 aebrary, Inc. 0aStudies in American literary realism and naturalism.40uhttp://site.ebrary.com/lib/rucke/Doc?id=10558913zAn electronic book accessible through the World Wide Web; click to view c88788d88788